000 00555nam a22001937a 4500
999 _c7716
_d7716
003 OSt
005 20220221110705.0
008 220221b ||||| |||| 00| 0 eng d
020 _a0521065798
040 _cDDC
082 _a302 SOC 2002
100 _aGrooteraert, christian : Bastelaer, Thierry
_915756
245 _aThe Role of Social Capital in Development
_b: an empirical assessment
260 _aNew York
_b: Cambridge University
_c, C 2002
300 _axxii.360p.
_c; 23cm
504 _aIndex
650 _2rural development
942 _2ddc
_cBOOK